| Tag |
First Indicator |
Second Indicator |
Subfields |
| LEADER |
00000cam a22000001a 4500 |
| 001 |
in00003382921 |
| 006 |
m d f |
| 007 |
cr bn mmmapmmp |
| 008 |
100727s2003 dcu o f000 0 eng d |
| 005 |
20260430152446.1 |
| 035 |
|
|
|a cis2007901612
|
| 040 |
|
|
|a ProQuest
|c ProQuest
|d UtOrBLW
|
| 043 |
|
|
|a n-us---
|
| 099 |
|
|
|a CRS-2003-FDT-0434
|
| 110 |
2 |
|
|a Library of Congress.
|b Congressional Research Service.
|
| 245 |
1 |
0 |
|a Nuclear Weapons :
|b Comprehensive Test Ban Treaty.
|
| 264 |
|
1 |
|a [Place of publication not identified] :
|b [publisher not identified],
|c 2003.
|
| 300 |
|
|
|a 1 online resource.
|
| 336 |
|
|
|a text
|b txt
|2 rdacontent
|
| 337 |
|
|
|a computer
|b c
|2 rdamedia
|
| 338 |
|
|
|a online resource
|b cr
|2 rdacarrier
|
| 500 |
|
|
|a Record is based on bibliographic data in ProQuest U.S. Congressional Research Digital Collection (last viewed July 2010). Reuse except for individual research requires license from ProQuest, LLC.
|
| 500 |
|
|
|a CRS Report.
|
| 520 |
|
|
|a Examines the history of negotiations on nuclear weapons testing and the Comprehensive Test Ban Treaty (CTBT) and the national positions of the countries that have conducted tests. Summarizes key provisions of the CTBT, preparations for implementation, stockpile stewardship issues, and pro/con arguments regarding CTBT. Includes chronology.
|
| 500 |
|
|
|a Electronic resource.
|
| 650 |
|
0 |
|a Chronology.
|
| 650 |
|
0 |
|a Negotiation.
|
| 650 |
|
0 |
|a Nuclear weapons
|x Testing.
|
| 655 |
|
7 |
|a Electronic books.
|2 local
|
| 710 |
2 |
|
|a ProQuest (Firm)
|
| 776 |
0 |
8 |
|i Microfiche version:
|a Library of Congress. Congressional Research Service.
|t Nuclear Weapons
|
| 830 |
|
0 |
|a U.S. Congressional Research.
|
| 856 |
4 |
0 |
|u http://proxy.library.tamu.edu/login?url=https://congressional.proquest.com/congcomp/getdoc?CRDC-ID=CRS-2003-FDT-0434
|z Connect to the full text of this electronic book
|t 0
|
| 999 |
|
|
|a MARS
|
| 999 |
f |
f |
|s d2418baa-85be-3f33-ac01-6cccbb78db54
|i 517204c6-2138-3a88-a4a3-62f79bd99a00
|t 0
|
| 952 |
f |
f |
|a Texas A&M University
|b College Station
|c Electronic Resources
|s www_evans
|d Available Online
|t 0
|e CRS-2003-FDT-0434
|h Other scheme
|
| 998 |
f |
f |
|a CRS-2003-FDT-0434
|t 0
|l Available Online
|